000 00735nam a2200241Ia 4500
003 OSt
005 20251120124456.0
008 210716s2001 xx 000 0 und d
020 _a8178080338
040 _cAIMIT LIBRARY
041 _aeng
082 _a006.3
_21
_bCHAE
100 _aCharniak, Eugene.
_9246508
245 _aIntroduction to artificial intelligence /
_cBy Eugene Charniak and Drew McDermott.
250 _a1st ed.
260 _aNew Delhi :
_bPearson Education ,
_c2001.
300 _axvii,701p. ;
_bPB
_c22.9 cm
650 _aVision
_9246509
650 _aSearch
_9246510
650 _aAbduction uncertainty and expert systems
_9246511
700 _aMcdermott, Drew.
_9246512
942 _2ddc
_cBK
_e1st
_k006.3 CHAE
999 _c183608
_d183608